Ekonomika služieb
Enregistré dans:
| Auteur principal: | |
|---|---|
| Collectivité auteur: | |
| Autres auteurs: | , , , , , , , , |
| Format: | Livre |
| Langue: | slovaque |
| Publié: |
Bratislava
Edičné stredisko VŠE
1979
|
| Tags: |
Pas de tags, Soyez le premier à ajouter un tag!
|
MARC
| LEADER | 00000nam a2200000 4500 | ||
|---|---|---|---|
| 001 | 0091516 | ||
| 005 | 20240502072024.5 | ||
| 041 | 0 | |a slo | |
| 044 | |a SK | ||
| 245 | 1 | 0 | |a Ekonomika služieb |c Ladislav Rendoš - Emil Kopšo a kolektív |
| 264 | 1 | |a Bratislava |b Edičné stredisko VŠE |c 1979 | |
| 300 | |a 438 s. | ||
| 100 | 1 | |a Rendoš, Ladislav | |
| 700 | 1 | |a Kopšo, Emil | |
| 700 | 1 | |a Andrejko, Konrád | |
| 700 | 1 | |a Kamiač, Andrej | |
| 700 | 1 | |a Kerner, Antonín | |
| 700 | 1 | |a Kontra, Martin | |
| 700 | 1 | |a Slobodník, Bartolomej | |
| 700 | 1 | |a Tučnák, Viliam | |
| 700 | 1 | |a Baxa, Štefan | |
| 700 | 1 | |a Michalová, Valéria | |
| 710 | 2 | |a Vysoká škola ekonomická v Bratislave. Fakulta ekonomiky služieb a cestovného ruchu v Banskej Bystrici | |